• 首页
  • 本馆介绍
  • 公告通知
  • 最新文献
  • 馆藏检索
  • 电子资源
  • 读者导购
  • 参考咨询
  • 我的图书馆
  • 登录
  • 详细信息显示
  • 放入我的书架
  • 预约/预借图书
  • 作者相关作品
  • 分类相关作品
  • 丛书相关作品
  • 出版社相关作品

书目信息

  • 表格格式
  • 工作单格式
  • 卡片格式
题名:
装饰材料与施工
    
 
作者: 邱裕, , 汤留泉, 编著
分册:  
出版信息: 北京   中国电力出版社  2017.02
页数: 279页
开本: 24cm
丛书名:
单 册:
中图分类: TU56 , TU767
科图分类:
主题词: 建筑材料--jian zhu cai liao--装饰材料 , 建筑装饰--jian zhu zhuang shi--工程施工
电子资源:
ISBN: 978-7-5123-9947-1
000 01163nam0 2200277 450
001 2375219319
005 20231125205415.29
010    @a978-7-5123-9947-1@dCNY58.00
100    @a20170322d2017 em y0chiy50 ea
101 0  @achi
102    @aCN@b110000
105    @aak a 000yy
200 1  @a装饰材料与施工@Azhuang shi cai liao yu shi gong@f邱裕, 汤留泉编著
210    @a北京@c中国电力出版社@d2017.02
215    @a279页@c彩图@d24cm
314    @a邱裕, 硕士学位, 教授, 高级工程师, 硕士生导师。汤留泉, 中国知名装饰材料专家, 设计艺术学硕士等职。
320    @a有书目 (第279页)
330    @a本书详细介绍了装饰材料的种类、特性与选购方法, 并结合施工实践讲解材料应用方法与施工构造。遵循预先学习装饰材料、其后掌握施工构造的原则, 以循序渐进的方式向读者表述本书内容。重点讲解材料品种、鉴别方法、施工方法、构造要点, 让读者对现代装饰材料与施工构造有全新的认识。
606 0  @a建筑材料@Ajian zhu cai liao@x装饰材料
606 0  @a建筑装饰@Ajian zhu zhuang shi@x工程施工
690    @aTU56@v5
690    @aTU767@v5
701  0 @a邱裕,@Aqiu yu@f1972-@4编著
701  0 @a汤留泉,@Atang liu quan@f1980-@4编著
801  0 @aCN@b人天书店@c20170322
905    @aBZT@dTU56@e22
    
    装饰材料与施工/邱裕, 汤留泉编著.-北京:中国电力出版社,2017.02
    279页:彩图;24cm
    
    
    ISBN 978-7-5123-9947-1:CNY58.00
    本书详细介绍了装饰材料的种类、特性与选购方法, 并结合施工实践讲解材料应用方法与施工构造。遵循预先学习装饰材料、其后掌握施工构造的原则, 以循序渐进的方式向读者表述本书内容。重点讲解材料品种、鉴别方法、施工方法、构造要点, 让读者对现代装饰材料与施工构造有全新的认识。
●
相关链接 在五车中查询图书 在当当中查询图书 在豆瓣中查询图书


正题名:装饰材料与施工     索取号:TU56/22         预约/预借

序号 登录号 条形码 馆藏地/架位号 状态 备注
1 2001096462   2001096462   东辅楼二楼书库/ [索取号:TU56/22] 在馆    
2 2001096463   2001096463   东辅楼二楼书库/ [索取号:TU56/22] 在馆    
3 2001096464   2001096464   东辅楼二楼书库/ [索取号:TU56/22] 在馆    
4 2001096465   2001096465   东辅楼二楼书库/ [索取号:TU56/22] 在馆    
5 2001096466   2001096466   东辅楼二楼书库/ [索取号:TU56/22] 在馆    
6 2001096467   2001096467   东辅楼二楼书库/ [索取号:TU56/22] 在馆    
7 2001096468   2001096468   东辅楼二楼书库/ [索取号:TU56/22] 在馆    
8 2001096469   2001096469   东辅楼二楼书库/ [索取号:TU56/22] 在馆    
9 2001096470   2001096470   东辅楼二楼书库/ [索取号:TU56/22] 在馆    
10 2001096471   2001096471   东辅楼二楼书库/ [索取号:TU56/22] 在馆    
11 2001096472   2001096472   东辅楼二楼书库/ [索取号:TU56/22] 在馆    
12 2001096473   2001096473   东辅楼二楼书库/ [索取号:TU56/22] 在馆    
13 2001096474   2001096474   东辅楼二楼书库/ [索取号:TU56/22] 在馆    
14 2001096475   2001096475   东辅楼二楼书库/ [索取号:TU56/22] 在馆    
15 2001096476   2001096476   东辅楼二楼书库/ [索取号:TU56/22] 在馆    
16 2001096477   2001096477   东辅楼二楼书库/ [索取号:TU56/22] 在馆    
17 2001096478   2001096478   东辅楼二楼书库/ [索取号:TU56/22] 在馆    
18 2001096479   2001096479   东辅楼二楼书库/ [索取号:TU56/22] 在馆    
19 2001096480   2001096480   东辅楼二楼书库/ [索取号:TU56/22] 在馆    
20 2001096481   2001096481   东辅楼二楼书库/ [索取号:TU56/22] 在馆    
21 2001096482   2001096482   东辅楼二楼书库/ [索取号:TU56/22] 在馆    
22 2001096483   2001096483   东辅楼二楼书库/ [索取号:TU56/22] 在馆    
23 2001096484   2001096484   东辅楼二楼书库/ [索取号:TU56/22] 在馆    
24 2001096485   2001096485   东辅楼二楼书库/ [索取号:TU56/22] 在馆    
25 2001096486   2001096486   东辅楼二楼书库/ [索取号:TU56/22] 在馆    
26 2001096487   2001096487   东辅楼二楼书库/ [索取号:TU56/22] 在馆    
27 2001096488   2001096488   东辅楼二楼书库/ [索取号:TU56/22] 在馆    
28 2001096489   2001096489   东辅楼二楼书库/ [索取号:TU56/22] 在馆    
29 2001096490   2001096490   东辅楼二楼书库/ [索取号:TU56/22] 在馆    
30 2001096491   2001096491   东辅楼二楼书库/ [索取号:TU56/22] 在馆    
山东省滨州职业学院图书馆 欢迎您!
大连网信软件有限公司© 版权所有